000 00340nam a22001457a 4500
008 221010b ||||| |||| 00| 0 eng d
020 _a18845885566
041 _aeng
080 _2SECOND EDITION
_a339.138
082 _a339.138 PAN
100 _a61
101 _aLITE
245 _aPREPARING LITERATURE REVIEWS
_cPAN L
942 _2udc
_cBK
999 _c58427
_d58427